1110 1005 1399 1657 1896 1071 1840 1485 1293 1289 1477 1527 1266 1699 1521 1510 1213 1865 1763 1114 1125 1995 1185 1101 1781 1700 1256 1388 1322 1575 1280 1475 1601 1107 1863 1020 1406 1953 1494 1070 1445 1533 1997 1224 1008 1162 1884 1783 1979 1848 1111 1830 1884 1108 1837 1653 1949 1983 1107 1264 1005 1404 1065 1374 1077 1886 1090 1705 1498 1351 1992 1615 1189 1886 1804 1413 1577 1700 1004 1686 1296 1269 1287 1361 1788 1118 1717 1720 1330 1203 1755 1944 1433 1974 1718 1519 1231 1401 1763 BCNSPRNW ULIB Ver.6.0+V

เปลี่ยนเป็นภาษาไทย

Change to English
 แสดงรายละเอียดบรรณานุกรม
  กลับหน้าหลัก

Brief Record : Get Marc (ISO 2709) : E-mail record : QR code < ปิดหน้าต่าง
LEADER : 00000nam 2200000uu 4500
001    13399121486
003     ULIB
008    121121s2550||||th 000 0 tha d
020    ^a974838098X
020    ^a9789748380988
060 00 ^aW20^bส691
245 00 ^aรายงานประจำปี ... :^bสถาบันพระบรมราชชนก กระทรวงสาธารณสุข = Annual report ... : Praboromarajchanok Institute for Health Warkforce Development Ministry of Public Health /^cสถาบันพระบรมราชชนก กระทรวงสาธารณสุข ; [วิเคราะห์/เรียบเรียง อัฏฐพร หิรัญพฤกษ์ ... และคนอื่น ๆ]
246 3  ^aAnnual report ... : Praboromarajchanok Institute for Health Warkforce Development Ministry of Public Health
260    ^aนนทบุรี :^bสถาบันพระบรมราชชนก กระทรวงสาธารณสุข,^c2549-
300    ^aล. :^bภาพประกอบ (ภาพสีบางภาพ)
500    ^aห้องสมุดมี: ปี 2549, 2551
610 07 ^aสถาบันพระบรมราชชนก^xรายงานประจำปี
700 0  ^aอัฏฐพร หิรัญพฤกษ์
710 2  ^aกระทรวงสาธารณสุข^bสถาบันพระบรมราชชนก
945    ^p0^l0^i14412
945    ^p0^l0^i14413
945    ^p0^l0^i14414
945    ^p0^l0^i14415
945    ^p0^l0^i14416
995    ^aวิภา
999    ^aวิภา
รายการนี้ยังไม่มีแท็ก
คุณยังไม่ได้ล็อกอิน คุณสามารถมีกิจกรรมร่วมกับเว็บไซต์ได้ แต่ต้องล็อกอินก่อน ::
  ล็อกอิน

รายการสื่อสารสนเทศ

ลำดับที่ ประเภท เลขเรียก/บาร์โค้ด สถานที่ สถานะ
1. วิทยาศาสตร์การแพทย์ และสุขภาพ
วิทยาศาสตร์การแพทย์ และสุขภาพ
W20 ส691  
  Barcode: 14412
ห้องสมุดวิทยาเขตสวรรค์ประชารักษ์
►หนังสือทั่วไป
บนชั้น
2. วิทยาศาสตร์การแพทย์ และสุขภาพ
วิทยาศาสตร์การแพทย์ และสุขภาพ
W20 ส691 ฉ.2 
  Barcode: 14413
ห้องสมุดวิทยาเขตสวรรค์ประชารักษ์
►หนังสือทั่วไป
บนชั้น
3. วิทยาศาสตร์การแพทย์ และสุขภาพ
วิทยาศาสตร์การแพทย์ และสุขภาพ
W20 ส691 ฉ.3 
  Barcode: 14414
ห้องสมุดวิทยาเขตสวรรค์ประชารักษ์
►หนังสือทั่วไป
บนชั้น
4. วิทยาศาสตร์การแพทย์ และสุขภาพ
วิทยาศาสตร์การแพทย์ และสุขภาพ
W20 ส691 ฉ.4 
  Barcode: 14415
ห้องสมุดวิทยาเขตสวรรค์ประชารักษ์
►หนังสือทั่วไป
บนชั้น
5. วิทยาศาสตร์การแพทย์ และสุขภาพ
วิทยาศาสตร์การแพทย์ และสุขภาพ
W20 ส691 ฉ.5 
  Barcode: 14416
ห้องสมุดวิทยาเขตสวรรค์ประชารักษ์
►หนังสือทั่วไป
บนชั้น

BibComment


ยังไม่เคยถูกคอมเมนท์

คอมเมนท์ทรัพยากรรายการนี้
  คอมเมนท์: รายงานประจำปี ..


 Copyright 2026. Bcnsprnw @Library